000 00315nam a22001457a 4500
008 210224b ||||| |||| 00| 0 eng d
020 _a9781565335448
041 _aeng
080 _a610.73
082 _a610.73
100 _a1
101 _aINF
245 _aRn Maternal Newborn Nursing
_cAti
942 _2udc
_cBK
999 _c55153
_d55153